000 00486nam a22001817a 4500
999 _c4100
_d4057
008 200619b ||||| |||| 00| j eng d
020 _a9789944756877
041 _atur
050 _aPL248.T64
100 _91251
_aTohumcu, Aslı
245 _a Abis
250 _a2.Basım
260 _aİstanbul:
_bKırmızı Kedi Yayınevi,
_cAğustos 2011
300 _a108 Sayfa
500 _a1.Basım : Ekim 2003, Yapı Kredi Yayınları
650 0 _9145
_aTürk Edebiyatı
942 _2lcc
_cBK